Dharma deepika : The Sikhs (Record no. 3144)
[ view plain ]
| 000 -LEADER | |
|---|---|
| fixed length control field | 01271cas a2200361 a 4500 |
| 001 - CONTROL NUMBER | |
| control field | 34173868 |
| 003 - CONTROL NUMBER IDENTIFIER | |
| control field | OCoLC |
| 005 - DATE AND TIME OF LATEST TRANSACTION | |
| control field | 20181024203001.0 |
| 008 - FIXED-LENGTH DATA ELEMENTS--GENERAL INFORMATION | |
| fixed length control field | 960212c19959999ii fr p 0 a0eng d |
| 010 ## - LIBRARY OF CONGRESS CONTROL NUMBER | |
| LC control number | 2001291864 |
| 022 ## - INTERNATIONAL STANDARD SERIAL NUMBER | |
| International Standard Serial Number | 0972-5970 |
| 025 ## - OVERSEAS ACQUISITION NUMBER | |
| Overseas acquisition number | I-E-E-2001-291864; 05 |
| 037 ## - SOURCE OF ACQUISITION | |
| Source of stock number/acquisition | Dharma Deepika, P.O. Box 6188, Mylapore, Madras 600 004 India |
| 040 ## - CATALOGING SOURCE | |
| Original cataloging agency | KTS |
| Transcribing agency | KTS |
| Modifying agency | OCL |
| -- | DLC |
| -- | OCLCQ |
| -- | DLC |
| -- | CRL |
| 042 ## - AUTHENTICATION CODE | |
| Authentication code | lc |
| 043 ## - GEOGRAPHIC AREA CODE | |
| Geographic area code | az----- |
| 050 00 - LIBRARY OF CONGRESS CALL NUMBER | |
| Classification number | BV2000 |
| Item number | .D47 |
| 082 ## - DEWEY DECIMAL CLASSIFICATION NUMBER | |
| Classification number | REF 294.6 |
| 245 00 - TITLE STATEMENT | |
| Title | Dharma deepika : The Sikhs |
| Remainder of title | a South Asian journal of missiological research |
| 260 ## - PUBLICATION, DISTRIBUTION, ETC. | |
| Place of publication, distribution, etc. | Mylapore, Madras, India : |
| Name of publisher, distributor, etc. | Deepika Educational Trust, |
| Date of publication, distribution, etc. | 1995- |
| 300 ## - PHYSICAL DESCRIPTION | |
| Extent | v. ; |
| Dimensions | 25 cm |
| 310 ## - CURRENT PUBLICATION FREQUENCY | |
| Current publication frequency | Semiannual |
| 500 ## - GENERAL NOTE | |
| General note | Title from cover |
| 500 ## - GENERAL NOTE | |
| General note | "For private circulation only"--T.p. 1995- ; dropped the phrase, June 1997- |
| 500 ## - GENERAL NOTE | |
| General note | Latest issue consulted: [New series] v. 2, no. 2 (Dec. 1998) |
| 515 ## - NUMBERING PECULIARITIES NOTE | |
| Numbering peculiarities note | Numbering started all over again from June, 1997- |
| 650 #0 - SUBJECT ADDED ENTRY--TOPICAL TERM | |
| Topical term or geographic name entry element | Missions |
| Form subdivision | Periodicals |
| 650 #0 - SUBJECT ADDED ENTRY--TOPICAL TERM | |
| Topical term or geographic name entry element | Missions |
| Geographic subdivision | South Asia |
| Form subdivision | Periodicals |
| 650 #0 - SUBJECT ADDED ENTRY--TOPICAL TERM | |
| Topical term or geographic name entry element | Evangelistic work |
| Form subdivision | Periodicals |
| 650 #0 - SUBJECT ADDED ENTRY--TOPICAL TERM | |
| Topical term or geographic name entry element | Evangelistic work |
| Geographic subdivision | South Asia |
| Form subdivision | Periodicals |
| 710 2# - ADDED ENTRY--CORPORATE NAME | |
| Corporate name or jurisdiction name as entry element | Deepika Educational Trust (Mylapore, Madras, India) |
| 942 ## - ADDED ENTRY ELEMENTS (KOHA) | |
| Source of classification or shelving scheme | Dewey Decimal Classification |
| Koha item type | Books |
| Withdrawn status | Lost status | Source of classification or shelving scheme | Damaged status | Not for loan | Collection code | Home library | Current library | Shelving location | Date acquired | Cost, normal purchase price | Total Checkouts | Full call number | Barcode | Date last seen | Price effective from | Koha item type |
|---|---|---|---|---|---|---|---|---|---|---|---|---|---|---|---|---|
| Dewey Decimal Classification | Not For Loan | Reference | Harvest Mission College | Harvest Mission College | Reference | 24.10.2018 | 180.00 | REF 294.6 | 001750 | 24.10.2018 | 24.10.2018 | Books |
